000 00387nam a2200157Ia 4500
003 Ost
005 20260225132557.0
008 260225s9999||||xx |||||||||||||| ||und||
040 _cfsic
041 _afre
082 _a440
100 _aAdam,Jean-Michel
_eAuteur
245 0 _aL'argumentation publicitaire :
245 0 _brhétorique de l'éloge /
_cAdam,Jean-Michel
942 _cكتاب
999 _c34540
_d34540